[Event "Aeroflot Open 2012 B"]
[Site "Moscow"]
[Date "2012.02.07"]
[Round "1"]
[White "Munguntuul, Batkhuyag"]
[Black "Pasiev, Rakhim"]
[Result "1-0"]
[WhiteElo "2452"]
[BlackElo "2312"]
[PlyCount "85"]
[EventDate "2012.02.07"]
[EventType "swiss"]
[EventRounds "9"]
[EventCountry "RUS"]

1. d4 f5 2. g3 Nf6 3. Bg2 d5 4. c4 e6 5. Nh3 c6 6. Qc2 Bd6 7. O-O O-O 8. Bf4 b6
9. Nd2 Bb7 10. Rac1 Na6 11. cxd5 cxd5 12. Nc4 Nb4 13. Qd2 dxc4 14. Bxb7 Rb8 15.
Bxd6 Qxd6 16. Rxc4 Rxb7 17. Qxb4 Qxb4 18. Rxb4 Rc8 19. Nf4 Kf7 20. Re1 Rc2 21.
Nd3 Rbc7 22. a4 Ke7 23. a5 Nd5 24. axb6 Nxb4 25. bxc7 Nxd3 26. exd3 Kd6 27. Re5
Rxc7 28. Rb5 g5 29. Kg2 g4 30. h4 Kc6 31. Rc5+ Kd6 32. b4 Rb7 33. Rc4 Rb6 34.
Kf1 Ra6 35. b5 Ra5 36. Rc5 Ra1+ 37. Ke2 h6 38. Rc8 f4 39. gxf4 Rh1 40. Ra8 Rxh4
41. Rxa7 Rh5 42. Rh7 Rxb5 43. Rxh6 1-0

[Event "Aeroflot Open 2012 B"]
[Site "Moscow"]
[Date "2012.02.07"]
[Round "1"]
[White "Goriatchkin, Jouri"]
[Black "Vaibhav, Suri"]
[Result "0-1"]
[WhiteElo "2311"]
[BlackElo "2448"]
[PlyCount "118"]
[EventDate "2012.02.07"]
[EventType "swiss"]
[EventRounds "9"]
[EventCountry "RUS"]

1. d4 Nf6 2. c4 e6 3. g3 d5 4. Bg2 dxc4 5. Qa4+ c6 6. Qxc4 b5 7. Qd3 Bb7 8. Nc3
a6 9. a4 b4 10. Ne4 Nbd7 11. Nxf6+ Nxf6 12. Qc4 Nd5 13. a5 Rc8 14. Nf3 c5 15.
O-O Be7 16. e4 Nf6 17. e5 cxd4 18. Qd3 Nd7 19. Qxd4 O-O 20. Re1 Bd5 21. Qg4 Rc4
22. Bf4 g6 23. Nd2 Rd4 24. Nf3 Rd3 25. Re3 Rxe3 26. Bxe3 Qa8 27. Qf4 Qb7 28.
Rd1 Rc8 29. h4 Rc4 30. Rd4 Rxd4 31. Bxd4 Kg7 32. h5 h6 33. hxg6 fxg6 34. Ne1
Bd8 35. Bf1 Bxa5 36. Bd3 Bb6 37. Bxb6 Qxb6 38. Qh4 g5 39. Qh5 Nxe5 40. Qe8 Qd6
41. Be2 Bc6 42. Qc8 a5 43. Kf1 a4 44. Qa6 Qc5 45. f4 gxf4 46. gxf4 Nf7 47. Nd3
Qd6 48. Qa5 a3 49. b3 Be4 50. Nxb4 Qxf4+ 51. Ke1 Qc1+ 52. Kf2 Qf4+ 53. Ke1 Qg3+
54. Kd2 Qxb3 55. Bh5 Qb2+ 56. Ke3 Bb1 57. Bxf7 Qc3+ 58. Kf4 a2 59. Qa7 a1=Q 0-1

[Event "Aeroflot Open 2012 B"]
[Site "Moscow"]
[Date "2012.02.07"]
[Round "1"]
[White "Krapivin, Alexander"]
[Black "Savitskiy, Sergey"]
[Result "1-0"]
[WhiteElo "2445"]
[BlackElo "2301"]
[PlyCount "55"]
[EventDate "2012.02.07"]
[EventType "swiss"]
[EventRounds "9"]
[EventCountry "RUS"]

1. e4 c5 2. Nc3 e6 3. g3 Nc6 4. Bg2 g6 5. d3 Bg7 6. Be3 Nd4 7. Qd2 Qa5 8. f4 d6
9. Nf3 Ne7 10. O-O Nec6 11. Ne1 O-O 12. Nd1 Qa6 13. Kh1 f5 14. Qc1 e5 15. c3
Ne6 16. exf5 gxf5 17. fxe5 dxe5 18. Bh6 Ne7 19. Bxg7 Nxg7 20. Qe3 Qd6 21. Nf3
Ng6 22. Nf2 Bd7 23. Qh6 Rf6 24. Ne4 fxe4 25. Ng5 Nf5 26. Qxh7+ Kf8 27. Nxe4 Qe7
28. Nxf6 1-0

[Event "Aeroflot Open 2012 B"]
[Site "Moscow"]
[Date "2012.02.07"]
[Round "1"]
[White "Kopylov, Alexander A"]
[Black "Byambaa, Zulzaga"]
[Result "1-0"]
[WhiteElo "2440"]
[BlackElo "2279"]
[PlyCount "107"]
[EventDate "2012.02.07"]
[EventType "swiss"]
[EventRounds "9"]
[EventCountry "RUS"]

1. d4 Nf6 2. Nf3 g6 3. g3 Bg7 4. Bg2 O-O 5. O-O d6 6. c4 Nbd7 7. Nc3 e5 8. h3
c6 9. e4 Re8 10. Re1 h6 11. Be3 exd4 12. Nxd4 Nc5 13. f3 Nfd7 14. f4 a5 15. Bf2
a4 16. Qc2 Qa5 17. Rad1 a3 18. b3 Na6 19. Re3 Ndc5 20. Nce2 Qc7 21. Qd2 Bf8 22.
Nc2 Nb8 23. b4 Ncd7 24. Rxa3 Rxa3 25. Nxa3 Nf6 26. Nc3 d5 27. e5 Bxb4 28. exf6
Bxa3 29. cxd5 Bf8 30. dxc6 bxc6 31. Ne4 Na6 32. Rc1 Bf5 33. Qd4 Bxe4 34. Bxe4
Bc5 35. Qc4 Bxf2+ 36. Kxf2 Qb6+ 37. Kf3 c5 38. Rb1 Qxf6 39. Rb7 Kg7 40. a4 Rf8
41. a5 Qd6 42. Qd5 Qxd5 43. Bxd5 Nb4 44. Bc4 Ra8 45. Rxf7+ Kh8 46. Ke4 Re8+ 47.
Kf3 Ra8 48. a6 Nxa6 49. Rf6 Nb4 50. Rxg6 Ra3+ 51. Kg4 Rc3 52. Be6 c4 53. Kh5
Rc1 54. Kxh6 1-0

[Event "Aeroflot Open 2012 B"]
[Site "Moscow"]
[Date "2012.02.07"]
[Round "1"]
[White "Gagare, Shardul"]
[Black "Matinian, Nikita"]
[Result "0-1"]
[WhiteElo "2268"]
[BlackElo "2438"]
[PlyCount "50"]
[EventDate "2012.02.07"]
[EventType "swiss"]
[EventRounds "9"]
[EventCountry "RUS"]

1. c4 g6 2. g3 Bg7 3. Bg2 e5 4. Nc3 Nc6 5. Nf3 d6 6. O-O Nf6 7. d3 O-O 8. Rb1
a5 9. a3 Re8 10. Bg5 h6 11. Bxf6 Bxf6 12. b4 axb4 13. axb4 Bg7 14. b5 Ne7 15.
Qc2 Be6 16. Nd2 c6 17. Rfc1 d5 18. bxc6 bxc6 19. cxd5 cxd5 20. Nb5 Qd7 21. Qc7
Ra2 22. Nf1 Rd8 23. Qxd7 Rxd7 24. Nc3 Ra5 25. Rb5 Raa7 0-1

[Event "Aeroflot Open 2012 B"]
[Site "Moscow"]
[Date "2012.02.07"]
[Round "1"]
[White "Antipov, Mikhail Al"]
[Black "Korchmar, Vasiliy"]
[Result "1-0"]
[WhiteElo "2436"]
[BlackElo "2263"]
[PlyCount "81"]
[EventDate "2012.02.07"]
[EventType "swiss"]
[EventRounds "9"]
[EventCountry "RUS"]

1. e4 c6 2. d4 d5 3. e5 Bf5 4. Nd2 e6 5. Nb3 Nd7 6. Nf3 Ne7 7. Be2 Bg6 8. O-O
Nf5 9. Bd2 Be7 10. g4 Nh4 11. Nxh4 Bxh4 12. f4 f5 13. exf6 Bxf6 14. g5 Be7 15.
Bh5 Nf8 16. Re1 Kf7 17. Bxg6+ hxg6 18. Qg4 Kg8 19. Re2 Qe8 20. a3 Qf7 21. Bb4
Re8 22. Kg2 Qf5 23. h3 b6 24. Rae1 a5 25. Bxe7 Rxe7 26. Nc1 Kf7 27. Nd3 Nd7 28.
Qg3 Ke8 29. b4 Kd8 30. bxa5 bxa5 31. Rf2 Rh5 32. Ne5 Nxe5 33. Rxe5 Qf8 34. Qc3
Kd7 35. Qxa5 Qb8 36. Rf3 Qb1 37. Qd2 Ke8 38. Rb3 Qa2 39. Qc3 Rh4 40. Kg3 Rh5
41. Re1 1-0

[Event "Aeroflot Open 2012 B"]
[Site "Moscow"]
[Date "2012.02.07"]
[Round "1"]
[White "Diermair, Andreas"]
[Black "Kharmunova, Nadejda"]
[Result "1/2-1/2"]
[WhiteElo "2429"]
[BlackElo "2215"]
[PlyCount "86"]
[EventDate "2012.02.07"]
[EventType "swiss"]
[EventRounds "9"]
[EventCountry "RUS"]

1. Nf3 c5 2. c4 Nc6 3. Nc3 Nf6 4. g3 d5 5. d4 cxd4 6. Nxd4 e5 7. Nxc6 bxc6 8.
Bg2 Be6 9. Bg5 e4 10. Qa4 Bd7 11. Bxf6 Qxf6 12. cxd5 cxd5 13. Qa5 Rc8 14. O-O
Bc5 15. Rac1 O-O 16. Nxd5 Qd4 17. b4 Bb6 18. Nxb6 axb6 19. Qa3 Ra8 20. e3 Rxa3
21. exd4 Rxa2 22. Bxe4 Rb2 23. Rb1 Rxb1 24. Rxb1 Rd8 25. Ra1 Kf8 26. f3 Ke7 27.
Ra7 Kd6 28. g4 g6 29. g5 Rc8 30. Rb7 b5 31. Rb6+ Ke7 32. Bd3 Rc3 33. Bxb5 Bxb5
34. Rxb5 Rxf3 35. d5 Kd6 36. Kg2 Rb3 37. h4 Ke5 38. Rb7 Kxd5 39. Rxf7 Rxb4 40.
Rxh7 Ke6 41. Kh3 Rb3+ 42. Kg4 Rb4+ 43. Kg3 Rb3+ 1/2-1/2

[Event "Aeroflot Open 2012 B"]
[Site "Moscow"]
[Date "2012.02.07"]
[Round "1"]
[White "Petrosyan, Manuel"]
[Black "Wan, Yunguo"]
[Result "1/2-1/2"]
[WhiteElo "2205"]
[BlackElo "2428"]
[PlyCount "66"]
[EventDate "2012.02.07"]
[EventType "swiss"]
[EventRounds "9"]
[EventCountry "RUS"]

1. d4 Nf6 2. Nf3 g6 3. c4 Bg7 4. Nc3 O-O 5. Bg5 d6 6. e3 Nbd7 7. Be2 c6 8. Qc2
e5 9. O-O h6 10. Bh4 g5 11. Bg3 Nh5 12. dxe5 dxe5 13. Nd2 Nxg3 14. hxg3 Qe7 15.
Rad1 a5 16. g4 h5 17. gxh5 f5 18. g4 Nf6 19. gxf5 g4 20. Nce4 Bxf5 21. Bd3 Nxh5
22. Ng3 Bxd3 23. Qxd3 Qh4 24. Nxh5 Qxh5 25. Ne4 Rf3 26. Qd7 Raf8 27. Qe6+ Kh8
28. Qe7 Rh3 29. Ng3 Qh6 30. Rd8 Rxg3+ 31. fxg3 Qxe3+ 32. Kh1 Qe4+ 33. Kg1 Qe3+
1/2-1/2

[Event "Aeroflot Open 2012 B"]
[Site "Moscow"]
[Date "2012.02.07"]
[Round "1"]
[White "Arslanov, Shamil"]
[Black "Zhai, Mo"]
[Result "0-1"]
[WhiteElo "2424"]
[BlackElo "2191"]
[PlyCount "52"]
[EventDate "2012.02.07"]
[EventType "swiss"]
[EventRounds "9"]
[EventCountry "RUS"]

1. e4 c5 2. Nf3 d6 3. d4 cxd4 4. Nxd4 Nf6 5. Nc3 a6 6. Bg5 e6 7. f4 h6 8. Bh4
Qb6 9. Qd3 Qxb2 10. Rb1 Qa3 11. f5 Be7 12. Be2 Nxe4 13. Nxe4 Bxh4+ 14. g3 Qxd3
15. cxd3 Be7 16. fxe6 fxe6 17. Bg4 d5 18. Bxe6 Nc6 19. Nxc6 bxc6 20. Bxc8 Rxc8
21. Nd2 O-O 22. Rb6 Rb8 23. Rb3 Bg5 24. Rxb8 Rxb8 25. Nb3 a5 26. h4 Bf6 0-1

[Event "Aeroflot Open 2012 B"]
[Site "Moscow"]
[Date "2012.02.07"]
[Round "1"]
[White "Severina, Maria"]
[Black "Froewis, Georg"]
[Result "1/2-1/2"]
[WhiteElo "2185"]
[BlackElo "2424"]
[PlyCount "127"]
[EventDate "2012.02.07"]
[EventType "swiss"]
[EventRounds "9"]
[EventCountry "RUS"]

1. d4 d5 2. c4 c6 3. Nf3 Nf6 4. Nc3 e6 5. Bg5 h6 6. Bh4 dxc4 7. e4 g5 8. Bg3 b5
9. Be2 Bb7 10. O-O Nbd7 11. d5 cxd5 12. exd5 Nxd5 13. Nxb5 Qb6 14. Bxc4 Rc8 15.
Qa4 a6 16. Nbd4 Qb4 17. Qxb4 Nxb4 18. Rac1 Bg7 19. Bd6 Nc6 20. Nxc6 Rxc6 21.
Ba3 g4 22. Nd2 Bf8 23. Bxf8 Rxf8 24. Be2 Rd6 25. Nc4 Rd4 26. Rfd1 Rxd1+ 27.
Bxd1 Ke7 28. Bxg4 Rg8 29. Bh3 Rc8 30. Rc3 Bd5 31. Ne3 Rxc3 32. Nxd5+ exd5 33.
bxc3 Nb6 34. Kf1 Na4 35. Ke1 Nxc3 36. a3 Kd6 37. Bf5 Kc5 38. Bd3 a5 39. Kd2 Kd4
40. f3 Na4 41. Bb5 Nc5 42. h4 f6 43. g3 Nb7 44. g4 Ke5 45. Ke3 d4+ 46. Kd3 Nc5+
47. Kc4 Ne6 48. Bc6 Nf4 49. Be4 Ng2 50. h5 Ne1 51. a4 Ng2 52. Kb5 Ne1 53. Kc4
Kf4 54. Kxd4 Nxf3+ 55. Kd5 Ne5 56. Bc2 Nxg4 57. Kc5 Ne3 58. Bd3 Ke5 59. Kb5 Kd4
60. Be2 Nd5 61. Ka6 Kc5 62. Bg4 Nb6 63. Bh3 Nc4 64. Bg2 1/2-1/2

[Event "Aeroflot Open 2012 B"]
[Site "Moscow"]
[Date "2012.02.07"]
[Round "1"]
[White "Iljiushenok, Ilia"]
[Black "Kerigan, Demre"]
[Result "1-0"]
[WhiteElo "2422"]
[BlackElo "2184"]
[PlyCount "61"]
[EventDate "2012.02.07"]
[EventType "swiss"]
[EventRounds "9"]
[EventCountry "RUS"]

1. e4 d6 2. d4 Nf6 3. Nc3 g6 4. Nf3 Bg7 5. Be2 O-O 6. O-O c5 7. d5 Na6 8. Bc4
Nc7 9. Qe2 a6 10. a4 Bd7 11. a5 Nb5 12. Bd2 Qc7 13. Rfe1 Nd4 14. Nxd4 cxd4 15.
Na4 Rae8 16. Nb6 e6 17. dxe6 Bxe6 18. Bb4 Bxc4 19. Qxc4 Qxc4 20. Nxc4 Rc8 21.
b3 Rfd8 22. Bxd6 d3 23. e5 Ne8 24. Be7 d2 25. Red1 Rd7 26. Bg5 f6 27. exf6 Nxf6
28. Rxd2 Rxd2 29. Bxd2 Ne4 30. Rd1 Rd8 31. f3 1-0

[Event "Aeroflot Open 2012 B"]
[Site "Moscow"]
[Date "2012.02.07"]
[Round "1"]
[White "Lavrov, Maxim"]
[Black "Gagarin, Vasilij"]
[Result "1/2-1/2"]
[WhiteElo "2397"]
[BlackElo "2417"]
[PlyCount "37"]
[EventDate "2012.02.07"]
[EventType "swiss"]
[EventRounds "9"]
[EventCountry "RUS"]

1. e4 c5 2. c3 d5 3. exd5 Qxd5 4. d4 Nf6 5. Nf3 e6 6. Be2 cxd4 7. cxd4 Nc6 8.
Nc3 Qd6 9. O-O Be7 10. Be3 O-O 11. Rc1 Nb4 12. Ne5 Nbd5 13. Bf3 Rd8 14. Ne4
Nxe4 15. Bxe4 Nf6 16. Bf3 Nd5 17. Be4 Nf6 18. Bf3 Nd5 19. Be4 1/2-1/2

[Event "Aeroflot Open 2012 B"]
[Site "Moscow"]
[Date "2012.02.07"]
[Round "1"]
[White "Kurukin, Dmitry"]
[Black "Zhelesny, Stanislav"]
[Result "1/2-1/2"]
[WhiteElo "2417"]
[BlackElo "2161"]
[PlyCount "101"]
[EventDate "2012.02.07"]
[EventType "swiss"]
[EventRounds "9"]
[EventCountry "RUS"]

1. e4 c6 2. d4 d5 3. e5 Bf5 4. Nf3 e6 5. Be2 Ne7 6. O-O Nd7 7. Nbd2 c5 8. c4
Nc6 9. cxd5 exd5 10. dxc5 Nxc5 11. Nb3 Ne6 12. Bb5 Bc5 13. Nxc5 Nxc5 14. Be3
Ne6 15. Qa4 O-O 16. Bxc6 bxc6 17. Qxc6 Be4 18. Rac1 Qa5 19. Nd4 Nxd4 20. Bxd4
Qd2 21. Qc3 Qh6 22. Be3 Qe6 23. f3 Bg6 24. Qd4 Rfe8 25. Bf4 h6 26. Rc5 Rad8 27.
Rd1 Qb6 28. b4 Re7 29. g4 Red7 30. Kf2 h5 31. h3 hxg4 32. hxg4 f6 33. Kg3 Bf7
34. exf6 Qxf6 35. Be5 Qg6 36. Rh1 Re8 37. Rcc1 Rde7 38. Rce1 Be6 39. Rh5 Rc8
40. Reh1 Rc4 41. Qe3 Rxg4+ 42. fxg4 Qxg4+ 43. Kf2 Rf7+ 44. Ke1 Qxb4+ 45. Qc3
Qe4+ 46. Kd2 Qg2+ 47. Kc1 Rf1+ 48. Rxf1 Qxf1+ 49. Kd2 Qf2+ 50. Kc1 Qf1+ 51. Kd2
1/2-1/2

[Event "Aeroflot Open 2012 B"]
[Site "Moscow"]
[Date "2012.02.07"]
[Round "1"]
[White "Pratyusha, Bodda"]
[Black "Cori T., Deysi"]
[Result "1-0"]
[WhiteElo "2142"]
[BlackElo "2415"]
[PlyCount "113"]
[EventDate "2012.02.07"]
[EventType "swiss"]
[EventRounds "9"]
[EventCountry "RUS"]

1. e4 e6 2. d4 d5 3. Nc3 Bb4 4. Nge2 dxe4 5. a3 Bxc3+ 6. Nxc3 Nc6 7. d5 exd5 8.
Qxd5 Be6 9. Qxe4 Nf6 10. Qh4 O-O 11. Bg5 Re8 12. Be2 Bf5 13. Bxf6 gxf6 14. Rd1
Qe7 15. O-O Rad8 16. Bd3 Bxd3 17. Rxd3 Rxd3 18. cxd3 f5 19. Qxe7 Rxe7 20. f4
Nd4 21. Kf2 Re6 22. Rd1 Rb6 23. Rd2 Nb3 24. Rc2 Nd4 25. Rd2 Nb3 26. Rc2 Nc5 27.
Ke3 Re6+ 28. Kd4 b6 29. Nb5 Re7 30. b4 Ne6+ 31. Ke5 Kg7 32. g3 c5 33. bxc5 bxc5
34. Kd5 Rd7+ 35. Nd6 Kf6 36. Rb2 Ke7 37. Rb7 Nc7+ 38. Kxc5 Ke6 39. Nc4 Rd5+ 40.
Kc6 Ne8 41. Re7+ Kxe7 42. Kxd5 Nf6+ 43. Kc6 Ng4 44. d4 Nxh2 45. Kc7 Ng4 46. d5
Nf6 47. d6+ Ke6 48. Kc6 Nd5 49. d7 Ne7+ 50. Kc7 Nd5+ 51. Kc8 Ne7+ 52. Kd8 Nd5
53. Ne5 a5 54. Ke8 Nf6+ 55. Kf8 Nxd7+ 56. Nxd7 Kxd7 57. Kxf7 1-0

[Event "Aeroflot Open 2012 B"]
[Site "Moscow"]
[Date "2012.02.07"]
[Round "1"]
[White "Chubar, Vladimir"]
[Black "Ovod, Evgenija"]
[Result "0-1"]
[WhiteElo "2078"]
[BlackElo "2412"]
[PlyCount "142"]
[EventDate "2012.02.07"]
[EventType "swiss"]
[EventRounds "9"]
[EventCountry "RUS"]

1. Nf3 d5 2. d4 Nf6 3. Bf4 c5 4. e3 Nc6 5. c3 Qb6 6. Qb3 c4 7. Qc2 Bf5 8. Qc1
Nh5 9. Bg3 Nxg3 10. hxg3 e6 11. Nh4 Be4 12. Nd2 Qc7 13. Nhf3 Bf5 14. Nh4 Bg4
15. Be2 h5 16. Qd1 Be7 17. f4 g5 18. Nhf3 O-O-O 19. b3 cxb3 20. axb3 h4 21. Ne5
Nxe5 22. fxe5 Bxe2 23. Kxe2 Kb8 24. b4 Qxc3 25. Qa4 a6 26. b5 Bb4 27. Rhd1 a5
28. b6 Qc6 29. Qxc6 bxc6 30. Nb3 Kb7 31. Nxa5+ Bxa5 32. Rxa5 Kxb6 33. Ra2 Ra8
34. Rb2+ Kc7 35. Rdb1 Ra7 36. Kf3 Rg8 37. Kg4 hxg3 38. Kxg3 g4 39. Rf1 Rg7 40.
Kh4 g3 41. Rfb1 c5 42. Rb5 c4 43. Rc5+ Kd7 44. Rb6 Ke7 45. Rc8 Kd7 46. Rbb8 Rb7
47. Ra8 Rc7 48. Rd8+ Kc6 49. Ra5 Kb6 50. Rda8 Rb7 51. R8a6+ Kc7 52. Rc5+ Kd7
53. Rd6+ Ke7 54. Rc8 Rd7 55. Ra6 Rd8 56. Ra7+ Ke8 57. Rcc7 Kf8 58. e4 Kg8 59.
exd5 Rxd5 60. Rc8+ Kh7 61. Rxc4 Rb5 62. Ra3 Rb1 63. Rxg3 Rh1+ 64. Rh3 Rg1 65.
g3 Rg6 66. Rc2 Rd1 67. Rc4 Rd3 68. Ra4 Kg7 69. Rb4 Re3 70. Kh5 Ra3 71. Rc4 Ra8
0-1

[Event "Aeroflot Open 2012 B"]
[Site "Moscow"]
[Date "2012.02.07"]
[Round "1"]
[White "Tari, Aryan"]
[Black "Javakhadze, Zurab"]
[Result "1/2-1/2"]
[WhiteElo "2206"]
[BlackElo "2413"]
[PlyCount "80"]
[EventDate "2012.02.07"]
[EventType "swiss"]
[EventRounds "9"]
[EventCountry "RUS"]

1. Nf3 Nf6 2. g3 b6 3. Bg2 Bb7 4. O-O e6 5. c4 c5 6. Nc3 Be7 7. d4 cxd4 8. Qxd4
O-O 9. Rd1 d6 10. b3 Nbd7 11. e4 a6 12. Ba3 e5 13. Qd2 Nc5 14. Qe2 Ncxe4 15.
Nxe4 Nxe4 16. Bb2 Qc8 17. Nxe5 Qf5 18. Re1 dxe5 19. Bxe4 Bxe4 20. Qxe4 Qxe4 21.
Rxe4 f6 22. Kf1 Rad8 23. Ree1 Rd2 24. Bc1 Rd3 25. Be3 b5 26. cxb5 axb5 27. Red1
Rxd1+ 28. Rxd1 Ra8 29. Rd7 Bf8 30. Rb7 Rxa2 31. Rxb5 Rb2 32. Rb7 h5 33. Kg2 e4
34. h3 Kh7 35. Bd4 Rd2 36. Be3 Rb2 37. Bd4 Rc2 38. Rb8 Be7 39. Rb7 Bf8 40. Rb8
Be7 1/2-1/2

[Event "Aeroflot Open 2012 B"]
[Site "Moscow"]
[Date "2012.02.08"]
[Round "2"]
[White "Kunin, Vitaly"]
[Black "Kopylov, Alexander A"]
[Result "0-1"]
[WhiteElo "2537"]
[BlackElo "2440"]
[PlyCount "138"]
[EventDate "2012.02.07"]
[EventType "swiss"]
[EventRounds "9"]
[EventCountry "RUS"]

1. d4 Nf6 2. c4 e6 3. Nf3 b6 4. g3 Ba6 5. Qa4 Bb7 6. Bg2 g6 7. O-O Bg7 8. Qc2
O-O 9. Nc3 d5 10. cxd5 exd5 11. Bf4 Na6 12. Rfd1 Re8 13. Rac1 c5 14. Nb5 Ne4
15. Nd2 cxd4 16. Nxe4 dxe4 17. Nd6 Qe7 18. Nxe8 Rxe8 19. Qa4 Rd8 20. Rc4 g5 21.
Bc1 h6 22. e3 Rd5 23. Rcxd4 Bxd4 24. exd4 Ra5 25. Qc4 b5 26. Qe2 Bd5 27. a3 b4
28. f3 bxa3 29. bxa3 e3 30. Rd3 Nc7 31. Rxe3 Ne6 32. Qb2 Ra4 33. Qb8+ Qf8 34.
Qe5 Rxd4 35. Re1 Rd3 36. Bb2 Qc5+ 37. Kh1 Kf8 38. Qh8+ Ke7 39. Qf6+ Ke8 40.
Qh8+ Kd7 41. Qf6 Ke8 42. Qe5 g4 43. Qh5 Qb6 44. Qxg4 Qxb2 45. Qf5 Rd2 46. Rg1
Qc2 47. Qh3 Rd1 48. Qxh6 Qb1 49. Qe3 Rxg1+ 50. Qxg1 Qxg1+ 51. Kxg1 Nd4 52. Kf2
a5 53. Ke3 Nc2+ 54. Kf4 Nxa3 55. Ke5 Bb7 56. h4 Nc2 57. h5 Kf8 58. h6 a4 59.
Kf6 Ne3 60. Bf1 Kg8 61. Bd3 a3 62. Bb1 Bxf3 63. h7+ Kh8 64. g4 Be4 65. Ba2 Bd5
66. Bb1 Nxg4+ 67. Kg5 Ne3 68. Kf4 Nd1 69. Ke5 Nc3 0-1

[Event "Aeroflot Open 2012 B"]
[Site "Moscow"]
[Date "2012.02.08"]
[Round "2"]
[White "Kotanjian, Tigran"]
[Black "Antipov, Mikhail Al"]
[Result "1/2-1/2"]
[WhiteElo "2533"]
[BlackElo "2436"]
[PlyCount "94"]
[EventDate "2012.02.07"]
[EventType "swiss"]
[EventRounds "9"]
[EventCountry "RUS"]

1. d4 Nf6 2. c4 e6 3. Nf3 c5 4. Nc3 cxd4 5. Nxd4 d5 6. cxd5 Nxd5 7. Ndb5 Bd7 8.
e4 Nxc3 9. Nxc3 Be7 10. Be3 Bc6 11. Qxd8+ Bxd8 12. f3 Nd7 13. Nb5 a6 14. Nd4
Bb6 15. Kf2 Ne5 16. Be2 Bd7 17. Rac1 Nc6 18. Nb3 Bxe3+ 19. Kxe3 b6 20. f4 f6
21. Rhd1 Ke7 22. Nd4 Rhc8 23. Nxc6+ Bxc6 24. Rc3 Bb5 25. Rdc1 Rxc3+ 26. Rxc3
Bxe2 27. Kxe2 Kd7 28. Rg3 Rg8 29. e5 Ke7 30. a4 g6 31. Rb3 Rb8 32. a5 fxe5 33.
fxe5 Kd7 34. axb6 Kc6 35. Rh3 Rxb6 36. Rxh7 Rxb2+ 37. Kf3 Kd5 38. Rg7 a5 39.
Rxg6 a4 40. Rg4 Rb3+ 41. Kf2 a3 42. Ra4 Kxe5 43. h4 Rb2+ 44. Kf3 a2 45. g3 Rb3+
46. Kg2 Rb2+ 47. Kf3 Rb3+ 1/2-1/2

[Event "Aeroflot Open 2012 B"]
[Site "Moscow"]
[Date "2012.02.08"]
[Round "2"]
[White "Badmatsyrenov, Oleg"]
[Black "Mikhalevski, Victor"]
[Result "0-1"]
[WhiteElo "2445"]
[BlackElo "2525"]
[PlyCount "68"]
[EventDate "2012.02.07"]
[EventType "swiss"]
[EventRounds "9"]
[EventCountry "RUS"]

1. e4 c5 2. Nf3 Nc6 3. d4 cxd4 4. Nxd4 g6 5. Nc3 Bg7 6. Nb3 Nf6 7. Be2 d6 8.
O-O O-O 9. Bg5 Rb8 10. f4 b5 11. Bf3 b4 12. Nd5 Nxd5 13. exd5 Na5 14. Nxa5 Qxa5
15. Kh1 Re8 16. Rb1 Rb7 17. Be2 Qxa2 18. b3 Rc7 19. Bd3 Bf5 20. Bxf5 gxf5 21.
Rc1 Rec8 22. Qe1 Rxc2 23. Rxc2 Rxc2 24. Rg1 h6 25. Bxe7 Re2 26. Qh4 Qxb3 27.
Bxd6 Qxd5 28. Be5 Re3 29. Qe7 a5 30. Qa7 Re2 31. Qa6 Rc2 32. h3 b3 33. Qb6 b2
34. Qe3 b1=Q 0-1

[Event "Aeroflot Open 2012 B"]
[Site "Moscow"]
[Date "2012.02.08"]
[Round "2"]
[White "Iljushin, Alexei"]
[Black "Iljiushenok, Ilia"]
[Result "1-0"]
[WhiteElo "2523"]
[BlackElo "2422"]
[PlyCount "115"]
[EventDate "2012.02.07"]
[EventType "swiss"]
[EventRounds "9"]
[EventCountry "RUS"]

1. d4 Nf6 2. c4 e6 3. g3 c5 4. d5 exd5 5. cxd5 g6 6. Nc3 Bg7 7. Bg2 O-O 8. Nf3
Re8 9. O-O b6 10. Re1 d6 11. e4 Bg4 12. h3 Bxf3 13. Bxf3 Nbd7 14. Rb1 a6 15. a4
Qc7 16. Bf4 Ne5 17. Be2 h6 18. h4 Kh7 19. Kg2 Ned7 20. Qd3 h5 21. f3 Ne5 22.
Qc2 Nfd7 23. Rec1 Rec8 24. Nd1 Qb7 25. Bd2 Nf6 26. Ne3 b5 27. f4 Ned7 28. Bf3
Re8 29. Re1 Rac8 30. b3 Qb6 31. Bc3 Re7 32. e5 dxe5 33. fxe5 Ne8 34. a5 Qb8 35.
e6 Ndf6 36. Rbd1 fxe6 37. d6 Rd7 38. Be5 Nxd6 39. Bxf6 Bxf6 40. Bxh5 Rg7 41.
Ng4 Bxh4 42. Rxe6 Nf5 43. Bxg6+ Kg8 44. Qxf5 Qxg3+ 45. Kh1 Qh3+ 46. Nh2 Qxf5
47. Bxf5 Rg5 48. Rg1 Rxg1+ 49. Kxg1 Rf8 50. Be4 Rf6 51. Rxf6 Bxf6 52. Bb7 c4
53. bxc4 bxc4 54. Bxa6 c3 55. Bd3 Kf8 56. Nf3 Ke8 57. a6 Be7 58. Kf1 1-0

[Event "Aeroflot Open 2012 B"]
[Site "Moscow"]
[Date "2012.02.08"]
[Round "2"]
[White "Artemiev, Vladislav"]
[Black "Kabanov, Nikolai"]
[Result "1/2-1/2"]
[WhiteElo "2439"]
[BlackElo "2522"]
[PlyCount "96"]
[EventDate "2012.02.07"]
[EventType "swiss"]
[EventRounds "9"]
[EventCountry "RUS"]

1. c4 g6 2. g3 Bg7 3. Bg2 c5 4. Nf3 Nc6 5. Nc3 d6 6. O-O e5 7. Ne1 Be6 8. d3
Nge7 9. Nd5 O-O 10. Nc2 Rb8 11. Bg5 f6 12. Bd2 b5 13. Rb1 Bf7 14. e4 a6 15. b3
Qd7 16. Qe2 Nxd5 17. cxd5 Ne7 18. Be3 f5 19. Qd2 Kh8 20. f4 Rbc8 21. fxe5 dxe5
22. Bh6 Qd6 23. Bxg7+ Kxg7 24. Ne3 Be8 25. Qc3 Bd7 26. Rbc1 fxe4 27. Rxf8 Kxf8
28. dxe4 Ng8 29. Nf1 c4 30. Nd2 cxb3 31. Qf3+ Nf6 32. Rxc8+ Bxc8 33. Nxb3 Qb6+
34. Kh1 b4 35. Na5 Bg4 36. Qf1 Be2 37. Qxe2 Qxa5 38. Qf2 Kg7 39. Qa7+ Kf8 40.
d6 b3 41. Qe7+ Kg8 42. Bf1 b2 43. Bc4+ Nd5 44. Bxd5+ Qxd5 45. exd5 b1=Q+ 46.
Kg2 Qc2+ 47. Kh3 Qf5+ 48. Kg2 Qc2+ 1/2-1/2

[Event "Aeroflot Open 2012 B"]
[Site "Moscow"]
[Date "2012.02.08"]
[Round "2"]
[White "Bakre, Tejas"]
[Black "Tunik, Gennady"]
[Result "1-0"]
[WhiteElo "2509"]
[BlackElo "2406"]
[PlyCount "53"]
[EventDate "2012.02.07"]
[EventType "swiss"]
[EventRounds "9"]
[EventCountry "RUS"]

1. Nf3 Nf6 2. c4 e6 3. Nc3 Bb4 4. g3 O-O 5. Bg2 d5 6. a3 Be7 7. d4 dxc4 8. Ne5
Nc6 9. Bxc6 bxc6 10. Nxc6 Qe8 11. Nxe7+ Qxe7 12. Qa4 c5 13. Qxc4 cxd4 14. Qxd4
e5 15. Qh4 Qe6 16. O-O Ba6 17. Bg5 Nd7 18. Rfd1 Rfc8 19. Be7 Nb6 20. Rd6 Qf5
21. Bd8 Rxc3 22. bxc3 Bxe2 23. Bxb6 g5 24. Qh6 axb6 25. Rf6 Qe4 26. Qxg5+ Kf8
27. Re1 1-0

[Event "Aeroflot Open 2012 B"]
[Site "Moscow"]
[Date "2012.02.08"]
[Round "2"]
[White "Firat, Burak"]
[Black "Lalith, Babu M.R"]
[Result "1/2-1/2"]
[WhiteElo "2396"]
[BlackElo "2484"]
[PlyCount "123"]
[EventDate "2012.02.07"]
[EventType "swiss"]
[EventRounds "9"]
[EventCountry "RUS"]

1. e4 c6 2. d4 d5 3. Nc3 dxe4 4. Nxe4 Bf5 5. Ng3 Bg6 6. h4 h6 7. Nf3 Nd7 8. h5
Bh7 9. Bd3 Bxd3 10. Qxd3 e6 11. Bd2 Ngf6 12. O-O-O Be7 13. Qe2 Qc7 14. Rhe1 O-O
15. Ne5 Bd6 16. Kb1 Rac8 17. Bc1 Rfe8 18. Ne4 Nxe4 19. Qxe4 c5 20. Nxd7 Qxd7
21. dxc5 Rxc5 22. Qg4 Kf8 23. Bf4 Rc6 24. Rd3 Qe7 25. Bd2 e5 26. Qe4 Kg8 27.
Bc3 Qe6 28. Red1 a6 29. g4 Bc7 30. b3 b5 31. Bb2 a5 32. f3 a4 33. Rd5 Rb6 34.
Rc5 Bb8 35. Rdd5 a3 36. Bc3 Bd6 37. Rxb5 Rc6 38. Bb4 Bxb4 39. Rxb4 Qe7 40. Rbb5
Qh4 41. Rd1 Rd6 42. Rbd5 Rxd5 43. Qxd5 Qf2 44. Qc6 Rf8 45. Qe4 Rc8 46. Qd3 Qc5
47. Kc1 Qb4 48. Kb1 Qc5 49. c4 Qf2 50. Qc3 Qg2 51. Qxe5 Qxf3 52. Qd4 Qe2 53.
Rd2 Qe1+ 54. Rd1 Qe2 55. Rd2 Qe1+ 56. Kc2 Re8 57. b4 Re4 58. Qd8+ Re8 59. Qd4
Re4 60. Qd8+ Re8 61. Qd3 Re4 62. Qd8+ 1/2-1/2